<?xml version="1.0" encoding="UTF-8"?><?xml-stylesheet type="text/xsl" href="static/style.xsl"?><OAI-PMH xmlns="http://www.openarchives.org/OAI/2.0/" xmlns:xsi="http://www.w3.org/2001/XMLSchema-instance" xsi:schemaLocation="http://www.openarchives.org/OAI/2.0/ http://www.openarchives.org/OAI/2.0/OAI-PMH.xsd"><responseDate>2026-04-19T10:15:41Z</responseDate><request verb="GetRecord" identifier="oai:riubu.ubu.es:10259/7949" metadataPrefix="marc">https://riubu.ubu.es/oai/request</request><GetRecord><record><header><identifier>oai:riubu.ubu.es:10259/7949</identifier><datestamp>2023-11-08T01:05:27Z</datestamp><setSpec>com_10259_5786</setSpec><setSpec>com_10259_5086</setSpec><setSpec>com_10259_2604</setSpec><setSpec>col_10259_5787</setSpec></header><metadata><record xmlns="http://www.loc.gov/MARC21/slim" xmlns:doc="http://www.lyncode.com/xoai" xmlns:xsi="http://www.w3.org/2001/XMLSchema-instance" xmlns:dcterms="http://purl.org/dc/terms/" xsi:schemaLocation="http://www.loc.gov/MARC21/slim http://www.loc.gov/standards/marcxml/schema/MARC21slim.xsd">
<leader>00925njm 22002777a 4500</leader>
<datafield tag="042" ind1=" " ind2=" ">
<subfield code="a">dc</subfield>
</datafield>
<datafield tag="720" ind1=" " ind2=" ">
<subfield code="a">Hortigüela Alcalá, David</subfield>
<subfield code="e">author</subfield>
</datafield>
<datafield tag="720" ind1=" " ind2=" ">
<subfield code="a">Chiva Bartoll, Oscar</subfield>
<subfield code="e">author</subfield>
</datafield>
<datafield tag="720" ind1=" " ind2=" ">
<subfield code="a">Hernando Garijo, Alejandra</subfield>
<subfield code="e">author</subfield>
</datafield>
<datafield tag="260" ind1=" " ind2=" ">
<subfield code="c">2022-04</subfield>
</datafield>
<datafield tag="520" ind1=" " ind2=" ">
<subfield code="a">The aim of this research is to analyse the emotional tensions experienced by PE students in the setting of the COVID-19 pandemic. Twenty-four students participated in the study. A qualitative methodology was used in which, taking into account the safety and prevention conditions established for the COVID-19 situation, three categories of analysis were obtained: a) experiences regarding the use of the face mask; b) experiences regarding physical distancing; and c) social interaction between students. The researchers' logbooks and three discussion groups were used as data collection instruments. The results show how the COVID-19 safety measures generated emotional changes in students.</subfield>
</datafield>
<datafield tag="024" ind2=" " ind1="8">
<subfield code="a">0742-051X</subfield>
</datafield>
<datafield tag="024" ind2=" " ind1="8">
<subfield code="a">http://hdl.handle.net/10259/7949</subfield>
</datafield>
<datafield tag="024" ind2=" " ind1="8">
<subfield code="a">10.1016/j.tate.2022.103657</subfield>
</datafield>
<datafield ind1=" " ind2=" " tag="653">
<subfield code="a">Physical education</subfield>
</datafield>
<datafield ind1=" " ind2=" " tag="653">
<subfield code="a">COVID-19</subfield>
</datafield>
<datafield ind1=" " ind2=" " tag="653">
<subfield code="a">Emotions</subfield>
</datafield>
<datafield ind1=" " ind2=" " tag="653">
<subfield code="a">Physical distancing</subfield>
</datafield>
<datafield ind1=" " ind2=" " tag="653">
<subfield code="a">Social relations</subfield>
</datafield>
<datafield tag="245" ind1="0" ind2="0">
<subfield code="a">“I feel lonely, I don't understand you when you talk, and I find it hard to breathe”. Analysis of the emotional tensions of physical education students in the Spanish setting of COVID-19</subfield>
</datafield>
</record></metadata></record></GetRecord></OAI-PMH>